| 000 | 00779nam a2200253 a 4500 | ||
|---|---|---|---|
| 001 | 50699 | ||
| 003 | BD-RjUL | ||
| 005 | 20211209075541.0 | ||
| 008 | 160828s1955 nyua 001 0 eng c | ||
| 035 | _a(BD-RjUL)50819 | ||
| 040 |
_aDLC/ICU _cCGU _dUKM _dEQO _dBD-RjUL _beng |
||
| 041 | _aeng | ||
| 082 | 0 |
_a515.63 _223 _bNEV 1955 |
|
| 100 | 1 |
_aNewell, Homer E. _q(Homer Edward), _d1915-1983. _9151794 |
|
| 245 | 1 | 0 | _aVector analysis. / |
| 260 |
_aNew York : _bMcGraw-Hill, _c1955. |
||
| 300 |
_a216 p. : _bill. ; _c24 cm. |
||
| 490 | 1 | _aInternational series in pure and applied mathematics | |
| 500 | _aInclude index | ||
| 650 | 0 |
_aVector analysis _9151795 |
|
| 830 | 0 |
_aInternational series in pure and applied mathematics. _9116519 |
|
| 942 |
_2ddc _cBK |
||
| 999 |
_c50699 _d50699 |
||